000 00520nam a22001457a 4500
082 _a621.39
100 _aRasheed, Nida
245 _aTracking and abnormal behavior detection in video surveillance using optical flow and neural networks /
_cNida Rasheed.
260 _aIslamabad:
_bCEME - NUST,
_c2013.
300 _a85 p. : ill. ;
_c30cm.
650 _aComputer Engineering - MS Theses.
_934671
700 _aSup: Dr. Shoab A. Khan.
_934846
942 _2ddc
_cTHE
999 _c540694
_d540694